000 00486nam a2200181Ia 4500
008 090124s9999 xx 000 0 und d
082 _b18534
100 _aभेंडे सुभाष
245 _a अदेशी
250 _a1
260 _bहंस प्रकाशन
_c1971
300 _a134
600 _aभेंडे सुभाष
630 _a अदेशी
700 _aभेंडे सुभाष
730 _a अदेशी
942 _cBOOK
999 _c89573
_d89573